00473nam a2200157Ia 4500003000500000008004100005020001800046040001900064082000700083100001700090245005500107246009900162260003400261300000800295546001200303STCL181203s9999 xx 000 0 und d a9780070589506 aSTCLbENcSTCL 222 aHsu, Hwei P. 0aProbability, Random Variables and Random Processes aSchaum's Outline of Theory and Problems of Probability, Random Variables, and Random Processes bTata McGraw HillaNoidac2010 a306 aEnglish